| 000 | 01846nam a2200277 a 4500 | ||
|---|---|---|---|
| 001 | ASIN1859464521 | ||
| 003 | OSt | ||
| 005 | 20180116192422.0 | ||
| 008 | 140407s2012 xxu eng d | ||
| 020 |
_a1859464521 (paperback) _c$47.95 |
||
| 020 | _a9781859464526 (paperback) | ||
| 040 | _csada | ||
| 050 | 0 | 4 | _aNA9000-9284 |
| 082 | 0 | 4 | _a711 |
| 100 | 1 |
_aDalziel, Robert. _97487 |
|
| 245 | 1 | 2 |
_aA house in the city : _bhome truths in urban architecture / _cRobert Dalziel, Sheila Qureshi. |
| 260 |
_a[S.l.] : _bRIBA Publishing, _c2012. |
||
| 300 |
_a136 p. ; _c24 cm. |
||
| 520 | _aWhat makes a great house in the city? This title examines what has worked well in some of the most successful housing types throughout the world – from old to new, high rise to low rise, innovative to conventional. Alongside editor Tim Battle, authors Robert Dalziel and Sheila Qureshi critically examine what they believe are the most significant elements of urban housing design: adaptability and flexibility, construction and sustainability, space and light, appearance and threshold, and density and urban form. A House in the City concludes by proposing a pioneering approach to the town house: incorporating insights from these most important elements of urban housing, culminating in an aesthetically-pleasing family home that can adapt to changing needs. Illustrated with aerial views, plans, sections and photographs, A House in the City will be of use to all who strive to deliver high quality urban housing for the 21st century, including architects, planners and developers. | ||
| 650 | 0 |
_aArchitecture _97488 |
|
| 650 | 0 |
_aArchitecture, Domestic _97489 |
|
| 650 | 0 |
_aCity planning _97490 |
|
| 700 | 1 |
_aQureshi, Sheila. _97491 |
|
| 856 | 4 | 0 |
_3Amazon.com _uhttp://www.amazon.com/exec/obidos/ASIN/1859464521/chopaconline-20 |
| 942 |
_2ddc _cBK |
||
| 999 |
_c353933 _d353933 |
||